000 00621nam a2200229Ia 4500
003 OSt
005 20220925220355.0
006 a|||||r|||| 00| 0
007 ta
008 220923b |||||||| |||| 00| 0 eng d
037 _cGeneral Book
040 _aRTL
_cRTL
_beng
041 _2eng
_aeng
082 _aX512:516, K6
100 _aMcClelland W G
_9284665
245 0 _aCosts and competition in retailing
260 _aLondon
_bMacmillan
_c1966
300 _axvii,334p.
_ccm.
650 _aRetail
_9233455
942 _hX512:516, K6
_cGB
_2CC
999 _c571288
_d571288